000 00244nam a2200097Ia 4500
001 763980
005 20250826165254.0
008 250824s9999 xx 000 0 und d
245 0 _aGÜNLE YARIŞAN YARIŞÇI
_cAHMET ÖNEL
260 _bELMA YAYINLARI
999 _c763980
_d763980